000 00451nam a2200181Ia 4500
001 5212
005 20260306145851.0
008 260306t2010||||xx |||||||||||||| ||spa||
041 _aESP
082 _a338.18
_bS71
100 _aSotelo Salas, Jorge
_eAUT
245 0 _aGlobalización de una economía agraria local:
_bArequipa
260 _c2010
300 _a497 páginas :
_c22 cm.
650 _aGEN
654 _aCAN
942 _cLIB
_dJUS
_fJUS
_2ddc
_n
999 _c5212
_d5212